MATLAB programming (Record no. 3887)

MARC details
000 -LEADER
fixed length control field 00604nam a2200217Ia 4500
003 - CONTROL NUMBER IDENTIFIER
control field OSt
005 - DATE AND TIME OF LATEST TRANSACTION
control field 20220107122738.0
008 - FIXED-LENGTH DATA ELEMENTS--GENERAL INFORMATION
fixed length control field 130318s9999 xx 000 0 und d
020 ## - INTERNATIONAL STANDARD BOOK NUMBER
International Standard Book Number 9788120330818
040 ## - CATALOGING SOURCE
Transcribing agency IIITM-K
082 ## - DEWEY DECIMAL CLASSIFICATION NUMBER
Classification number 005.5M SIN/M;1
100 ## - MAIN ENTRY--PERSONAL NAME
Personal name Singh, Y Kirani
9 (RLIN) 4263
245 ## - TITLE STATEMENT
Title MATLAB programming
Statement of responsibility, etc. by Y Kirani Singh; B.B Chaidhuri
260 ## - PUBLICATION, DISTRIBUTION, ETC.
Name of publisher, distributor, etc. PHI Learning,
Place of publication, distribution, etc. New Delhi,
Date of publication, distribution, etc. 2007.
300 ## - PHYSICAL DESCRIPTION
Extent xvii, 370p.
650 ## - SUBJECT ADDED ENTRY--TOPICAL TERM
Topical term or geographic name entry element COMPUTING SCIENCE
9 (RLIN) 4264
650 ## - SUBJECT ADDED ENTRY--TOPICAL TERM
Topical term or geographic name entry element COMPUTER PROGRAMING
9 (RLIN) 4265
650 ## - SUBJECT ADDED ENTRY--TOPICAL TERM
Topical term or geographic name entry element MATLAB PROGRAMMING
9 (RLIN) 4266
700 ## - ADDED ENTRY--PERSONAL NAME
Personal name Chaudhuri, B.B
9 (RLIN) 4267
942 ## - ADDED ENTRY ELEMENTS (KOHA)
Source of classification or shelving scheme Dewey Decimal Classification
Koha item type Books
Holdings
Withdrawn status Lost status Source of classification or shelving scheme Damaged status Not for loan Home library Current library Shelving location Date acquired Cost, normal purchase price Total Checkouts Full call number Barcode Date last seen Date last checked out Price effective from Koha item type
    Dewey Decimal Classification     Kerala University of Digital Sciences, Innovation and Technology Knowledge Centre Kerala University of Digital Sciences, Innovation and Technology Knowledge Centre Computer Science 19/04/2014 206.00 7 005.5M SIN/M;1 3554 03/01/2023 10/11/2022 19/04/2014 Books